00418 a2200193 4500260001000000630002100010037001000031650003500041100002700076260000800103245004600111300001000157650001300167260000900180300001000189100000700199440000800206037001000214 aParis a10 - Philosophie b1, BU a1 - PHILOSOPHIE ET PSYCHOLOGIE aEd., Dumont, Jean-Paul bPUF aLes sophistes: fragments et témoignages a255p. asophisme c1969 b18cm. lFr aSUP a24436